A textbook of refrigeration and air-conditioning (Record no. 152311)
[ view plain ]
| 000 -LEADER | |
|---|---|
| fixed length control field | 00785nam a22002177a 4500 |
| 005 - DATE AND TIME OF LATEST TRANSACTION | |
| control field | 20180601112516.0 |
| 010 ## - LCCN (DPL NO) | |
| LC control number | B-694058 |
| 020 ## - INTERNATIONAL STANDARD BOOK NUMBER | |
| International Standard Book Number | 9789350142554 |
| Terms of availability | 595.00 |
| 035 ## - SYSTEM CONTROL NUMBER | |
| System control number | b-694058 |
| 037 ## - SOURCE OF ACQUISITION | |
| Source of stock number/acquisition | RK Books |
| 082 ## - DEWEY DECIMAL CLASSIFICATION NUMBER | |
| Classification number | 621.56 |
| 100 ## - MAIN ENTRY--PERSONAL NAME | |
| Personal name | Rajput, R.K. |
| 245 ## - TITLE STATEMENT | |
| Title | A textbook of refrigeration and air-conditioning |
| Statement of responsibility, etc | R.K.Rajput |
| 250 ## - EDITION STATEMENT | |
| Edition statement | 3rd ed. |
| 260 ## - PUBLICATION, DISTRIBUTION, ETC. (IMPRINT) | |
| Place of publication, distribution, etc | New Delhi |
| Name of publisher, distributor, etc | S.K.Kataria |
| Date of publication, distribution, etc | 2017 |
| 270 ## - ADDRESS | |
| Address | 4885/109, Prakash Mahal, Opp. Delhi Medical Association, Daryaganj |
| City | New Delhi |
| Postal code | 110002 |
| 300 ## - PHYSICAL DESCRIPTION | |
| Extent | xx, 902p. |
| Other physical details | ill. |
| Dimensions | 25cm. |
| 500 ## - GENERAL NOTE | |
| General note | Include Index |
| 942 ## - ADDED ENTRY ELEMENTS (KOHA) | |
| Source of classification or shelving scheme | Dewey Decimal Classification |
| Item type | English Books |
| Classification part | 621.56 |
| Call number prefix | RAJ |
| Withdrawn status | Lost status | Not for loan | Collection code | Home library | Current library | Date acquired | Source of acquisition | Cost, normal purchase price | Full call number | Barcode | Cost, replacement price | Koha item type |
|---|---|---|---|---|---|---|---|---|---|---|---|---|
| Non-fiction | Sarojini Nagar | Sarojini Nagar | 01/06/2018 | R.K.Books/398/23.05.2018/456/18.05.2018/29.05.2018 | 595.00 | 621.56 | B-694058 | 595.00 | English Books |
